[Event "November Blitz"]
[Site "SchemingMind.com"]
[Date "2014.11.01"]
[Round "-"]
[White "David Perna-Fraser"]
[Black "John Hamer"]
[Result "1-0"]
[WhiteCountry "CAN"]
[BlackCountry "ENG"]
[WhiteElo "2203"]
[WhiteRD "58"]
[BlackElo "2039"]
[BlackRD "55"]
[GameID "368113"]

1. d4 d5 2. c4 e6 3. Nc3 Nc6 4. Nf3 Nf6 5. Bg5 Be7 6. e3 O-O 7. Be2 b6 8. O-O Bb7 9. Nd2 dxc4 10. Nxc4 h6
11. Bxf6 Bxf6 12. Ne4 Be7 13. Bf3 Rb8 14. Nc3 a6 15. a4 Bb4 16. Qe2 Re8 17. Rfd1 Qf6 18. Rac1 Bxc3 19. bxc3 Red8 20. e4 Qg5
21. Ne3 Ne7 22. g3 Ng6 23. Bg2 Qa5 24. f4 Qxa4 25. f5 exf5 26. exf5 Bxg2 27. fxg6 Bb7 28. gxf7+ Kxf7 29. Nf5 Rd7 30. Rf1 Kg8
31. Nxh6+ gxh6 32. Qe6+ Kg7 33. Rf6
1-0

[Event "November Blitz"]
[Site "SchemingMind.com"]
[Date "2014.11.01"]
[Round "-"]
[White "John Hamer"]
[Black "Ramesh Panwar"]
[Result "0-1"]
[WhiteCountry "ENG"]
[BlackCountry "IND"]
[WhiteElo "2039"]
[WhiteRD "55"]
[BlackElo "2207"]
[BlackRD "52"]
[GameID "368114"]

1. d4 d5 2. c4 e6 3. Nf3 Nf6 4. Bf4 dxc4 5. e3 b5 6. a4 Bb4+ 7. Nbd2 c6 8. Qc2 Nbd7 9. axb5 cxb5 10. b3 c3
11. Ne4 Nxe4 12. Qxe4 c2+ 13. Ke2 Nb6 14. Ne5 Nd5 15. Kf3 O-O 16. Bxb5 Bb7 17. Rac1 Qb6 18. Bc6 Bxc6 19. Nxc6 Nc3
0-1

[Event "November Blitz"]
[Site "SchemingMind.com"]
[Date "2014.11.01"]
[Round "-"]
[White "Ramesh Panwar"]
[Black "John Hamer"]
[Result "1-0"]
[WhiteCountry "IND"]
[BlackCountry "ENG"]
[WhiteElo "2207"]
[WhiteRD "52"]
[BlackElo "2039"]
[BlackRD "55"]
[GameID "368115"]

1. c4 Nf6 2. d4 d5 3. Nf3 e6 4. Nc3 c6 5. e3 Be7 6. Bd3 O-O 7. O-O dxc4 8. Bxc4 b5 9. Bd3 Bb7 10. e4 a6
11. e5 Nfd7 12. Be4 f5 13. exf6 Nxf6 14. Qb3 Bc8 15. Bb1 Qd6 16. Qc2 Nbd7 17. Re1 b4 18. Ne2 c5 19. Nf4 cxd4 20. Nxe6
1-0

[Event "November Blitz"]
[Site "SchemingMind.com"]
[Date "2014.11.02"]
[Round "-"]
[White "renegade"]
[Black "Derek Price"]
[Result "0-1"]
[WhiteCountry "ENG"]
[BlackCountry "ENG"]
[WhiteElo "1799"]
[WhiteRD "86"]
[BlackElo "2331"]
[BlackRD "73"]
[GameID "368117"]

1. e4 c5 2. Nf3 d6 3. Bc4 Nf6 4. e5 dxe5 5. Nxe5 e6 6. O-O Bd6 7. d4 cxd4 8. Qxd4 Qc7 9. Bf4 Nc6 10. Nxc6 Bxf4
11. Nxa7 Bxh2+ 12. Kh1 Qe5 13. Qxe5 Bxe5 14. Nxc8 Bxb2 15. Bb5+ Kd8 16. Nb6 Ra5 17. a4 Bxa1 18. Na3 Bc3 19. Nac4 Ra7 20. Nd6 Kc7
21. Nbc4 Rf8 22. Rd1 Bb4 23. Bd7 Bxd6 24. Nxd6 Ra5 25. Bb5 Rd8 26. Rd3 Rxd6 27. Rc3+ Kd8 28. Kh2 Rd2 29. f3 Nd5 30. Rc5 Ne3
31. Rg5 g6 32. Kh3 h6 33. Rc5 Nxg2 34. Rc3 Nf4+ 35. Kg4 e5 36. Re3 Rg2+ 37. Kh4 g5#
0-1

[Event "November Blitz"]
[Site "SchemingMind.com"]
[Date "2014.11.01"]
[Round "-"]
[White "Derek Price"]
[Black "renegade"]
[Result "1-0"]
[WhiteCountry "ENG"]
[BlackCountry "ENG"]
[WhiteElo "2331"]
[WhiteRD "73"]
[BlackElo "1799"]
[BlackRD "86"]
[GameID "368118"]

1. e4 c5 2. Nf3 Nc6 3. d4 cxd4 4. Nxd4 Nf6 5. Nc3 e6 6. Nxc6 bxc6 7. e5 Nd5 8. Ne4 Qc7 9. f4 f5 10. exf6 gxf6
11. Qh5+ Kd8 12. Qf3 Bh6 13. c4 f5 14. cxd5 fxe4 15. Qg3 cxd5 16. Qh4+ Ke8 17. Qxh6 d6 18. Qf6 Rg8 19. Bb5+ Bd7 20. Qxe6+ Kf8
21. Bxd7 Rg6 22. Qxd5 Rb8 23. f5 Rxg2 24. Bh6+ Ke7 25. Qe6+ Kd8 26. Qe8#
1-0

[Event "November Blitz"]
[Site "SchemingMind.com"]
[Date "2014.11.02"]
[Round "-"]
[White "Derek Price"]
[Black "Geoffrey Rosser"]
[Result "1-0"]
[WhiteCountry "ENG"]
[BlackCountry "ENG"]
[WhiteElo "2331"]
[WhiteRD "73"]
[BlackElo "1826"]
[BlackRD "69"]
[GameID "368119"]

1. e4 e5 2. Nf3 Nc6 3. Bb5 d6 4. c3 Bd7 5. O-O Be7 6. Re1 Nf6 7. d4 O-O 8. Ba4 exd4 9. cxd4 a6 10. h3 b5
11. Bb3 Na5 12. Bc2 Nc4 13. Qd3 Bc6 14. Nc3 Bb7 15. a4 Re8 16. axb5 axb5 17. Rxa8 Bxa8 18. b3 Nb6 19. Qxb5 Bf8 20. Bg5 Be7
21. Qd3 Nfd7 22. Be3 Nf8 23. d5 Nbd7 24. Nd4 Ne5 25. Qd2 Bf6 26. f4 Ned7 27. b4 Nb6 28. Bd3 Ng6 29. Ncb5 Qd7 30. Rc1 Rc8
31. Nc6 Bxc6 32. dxc6 Qd8 33. Bxb6 cxb6 34. c7 Qe7 35. e5 dxe5 36. Bf5 Ra8 37. Qd5 Rf8 38. Bxg6 hxg6 39. c8=Q exf4 40. Qxf8+ Qxf8
41. Nd6 Qe7 42. Rc8+ Kh7 43. Re8 Qc7 44. Qa8 Bd4+ 45. Kh2 Kh6 46. Rh8+ Kg5 47. Qd5+ f5 48. Ne4#
1-0

[Event "November Blitz"]
[Site "SchemingMind.com"]
[Date "2014.11.02"]
[Round "-"]
[White "Geoffrey Rosser"]
[Black "Derek Price"]
[Result "0-1"]
[WhiteCountry "ENG"]
[BlackCountry "ENG"]
[WhiteElo "1833"]
[WhiteRD "69"]
[BlackElo "2321"]
[BlackRD "77"]
[GameID "368120"]

1. e4 c5 2. d4 cxd4 3. Qxd4 Nc6 4. Qe3 Nf6 5. Be2 d5 6. Bf3 dxe4 7. Bxe4 Nxe4 8. Qxe4 Qa5+ 9. Nc3 Bf5 10. Qd5 Qxd5
11. Nxd5 Rc8 12. c3 e6 13. Ne3 Bd3 14. Bd2 Rd8 15. O-O-O Bc5 16. Nf3 Be2 17. Rde1 Bxf3 18. gxf3 Ne5 19. f4 Nd3+ 20. Kc2 Nxe1+
21. Rxe1 O-O 22. f5 Rfe8 23. Rg1 exf5 24. Nxf5 Re2 25. Rd1 Rxf2 26. Ng3 Be3 27. Ne4 Rxh2 28. Kc1 Bxd2+ 29. Nxd2 h5
0-1

[Event "November Blitz"]
[Site "SchemingMind.com"]
[Date "2014.11.01"]
[Round "-"]
[White "Derek Price"]
[Black "John Hamer"]
[Result "1-0"]
[WhiteCountry "ENG"]
[BlackCountry "ENG"]
[WhiteElo "2321"]
[WhiteRD "77"]
[BlackElo "2039"]
[BlackRD "55"]
[GameID "368121"]

1. e4 e5 2. Nf3 Nc6 3. Bb5 Nf6 4. d3 d6 5. c3 Bd7 6. O-O g6 7. Re1 Bg7 8. Nbd2 O-O 9. Nf1 Nh5 10. Ba4 Qe8
11. Bb3 Nf4 12. d4 Na5 13. Bc2 Nc4 14. Ne3 Nxe3 15. Bxe3 Ne6 16. Qd2 Qe7 17. h3 exd4 18. cxd4 Rfe8 19. Rac1 c5 20. d5 Nd8
21. e5 dxe5 22. d6 Qe6 23. Bb3 Qf5 24. Rxc5 Bc6 25. Bg5 h6 26. Bc2 Qd7 27. Nxe5 Bxe5 28. Rcxe5 Rxe5 29. Rxe5 hxg5 30. Re7 Qc8=
31. Qxg5 Ne6 32. Qf6 Qf8 33. Bxg6
1-0

[Event "November Blitz"]
[Site "SchemingMind.com"]
[Date "2014.11.01"]
[Round "-"]
[White "John Hamer"]
[Black "Derek Price"]
[Result "0-1"]
[WhiteCountry "ENG"]
[BlackCountry "ENG"]
[WhiteElo "2039"]
[WhiteRD "55"]
[BlackElo "2321"]
[BlackRD "77"]
[GameID "368122"]

1. d4 d5 2. c4 c6 3. Nf3 Nf6 4. Nc3 e6 5. Bg5 h6 6. Bh4 dxc4 7. e4 g5 8. Bg3 b5 9. Be2 Bb7 10. O-O Nbd7
11. d5 cxd5 12. exd5 Nxd5 13. Nxb5 a6 14. Nbd4 Bg7 15. Bxc4 O-O 16. Re1 Rc8 17. Rc1 g4 18. Ne5 Bxe5 19. Bxe5 Nxe5 20. Rxe5 Qf6
21. Re4 Nf4 22. Qxg4+ Ng6 23. Ree1 Kh8 24. Nf3 Rg8 25. Qd4 Qxd4
0-1

[Event "November Blitz"]
[Site "SchemingMind.com"]
[Date "2014.11.01"]
[Round "-"]
[White "Derek Price"]
[Black "Stephen Woodhouse"]
[Result "1/2-1/2"]
[WhiteCountry "ENG"]
[BlackCountry "ENG"]
[WhiteElo "2321"]
[WhiteRD "77"]
[BlackElo "1835"]
[BlackRD "49"]
[GameID "368123"]

1. e4 e6 2. d3 d5 3. Nd2 c5 4. Ngf3 Nc6 5. g3 Nf6 6. Bg2 Be7 7. O-O O-O 8. Re1 b5 9. e5 Nd7 10. Nf1 a5
11. h4 b4 12. Bf4 Ba6 13. Ng5 Qe8 14. Qg4 Kh8 15. h5 h6 16. Nf3 Rc8 17. N1d2 Nb6 18. Rad1 c4 19. dxc4 Nxc4 20. Nxc4 Bxc4
21. Nd2 Ba6 22. Nf3 Qd8 23. Rc1 Qb6 24. Be3 Bc5 25. Bxc5 Qxc5 26. Bf1 Bxf1 27. Rxf1 Ne7 28. Rfd1 Nf5 29. Qf4 Qc4 30. Qxc4 Rxc4
31. b3 Rc3 32. Kg2 Rfc8 33. Rd2 Kg8=
1/2-1/2

[Event "November Blitz"]
[Site "SchemingMind.com"]
[Date "2014.11.01"]
[Round "-"]
[White "Stephen Woodhouse"]
[Black "Derek Price"]
[Result "0-1"]
[WhiteCountry "ENG"]
[BlackCountry "ENG"]
[WhiteElo "1835"]
[WhiteRD "49"]
[BlackElo "2321"]
[BlackRD "77"]
[GameID "368124"]

1. e4 c5 2. c3 Nf6 3. e5 Nd5 4. d4 cxd4 5. Nf3 Nc6 6. cxd4 d6 7. Bc4 Nb6 8. Bb5 Bd7 9. Nc3 e6 10. O-O d5
11. Bg5 Be7 12. Bxe7 Qxe7 13. Qe2 O-O 14. Rac1 a6 15. Bd3 Rac8 16. b3 Rc7 17. Bb1 Rfc8 18. Qd3 g6 19. h3 Qb4 20. Ne2 Na5
21. Nh2 Bb5 22. Qe3 Rxc1 23. Rxc1 Bxe2 24. Rxc8+ Nxc8 25. Qxe2 Qxd4 26. Ng4 Nc6 27. g3 N8e7 28. Kg2 Kg7 29. f4 Qa1 30. Qc2 Nf5
31. Nf6 Ne3+
0-1

[Event "November Blitz"]
[Site "SchemingMind.com"]
[Date "2014.11.03"]
[Round "-"]
[White "Derek Price"]
[Black "David Perna-Fraser"]
[Result "1-0"]
[WhiteCountry "ENG"]
[BlackCountry "CAN"]
[WhiteElo "2321"]
[WhiteRD "77"]
[BlackElo "2203"]
[BlackRD "58"]
[GameID "368125"]

1. e4 e5 2. Nf3 Nf6 3. Nc3 Bb4 4. Bc4 O-O 5. d3 d5 6. exd5 Nxd5 7. Bd2 Bxc3 8. bxc3 Nb6 9. Bb3 Nc6 10. O-O Bg4
11. h3 Bh5 12. Re1 Qf6 13. Re3 a5 14. a4 Rad8 15. Qe2 Nd5 16. Bxd5 Rxd5 17. g4 Bg6 18. c4 Rdd8 19. Nxe5 Nd4 20. Qd1 Rfe8
21. f4 h5 22. c3 Nc6 23. Qe2 Nxe5 24. fxe5 Qb6 25. d4 Qb2 26. Rf1 hxg4 27. hxg4 Qc2 28. Qh2 Bh7 29. Rh3 Qg6 30. Qg3 Rd7
31. Qh4 c5 32. Be3 Re6 33. Rf5 Rb6 34. d5 Rb1+ 35. Kh2 Rb2+ 36. Bf2 Qh6 37. Qg3 Qb6 38. Rfh5 Qg6 39. Qf4 Qc2 40. Rxh7 Qxf2+
41. Qxf2 Rxf2+ 42. Kg3
1-0

[Event "November Blitz"]
[Site "SchemingMind.com"]
[Date "2014.11.03"]
[Round "-"]
[White "David Perna-Fraser"]
[Black "Derek Price"]
[Result "1-0"]
[WhiteCountry "CAN"]
[BlackCountry "ENG"]
[WhiteElo "2203"]
[WhiteRD "58"]
[BlackElo "2321"]
[BlackRD "77"]
[GameID "368126"]

1. e4 c5 2. Nf3 d6 3. d4 cxd4 4. Nxd4 Nf6 5. Nc3 a6 6. f3 e6 7. Be3 b5 8. a3 Bb7 9. Qd2 Be7 10. g4 Nc6
11. g5 Nd7 12. h4 Nce5 13. O-O-O Nb6 14. f4 Nec4 15. Qe1 Qc7 16. f5 e5 17. Nb3 Rc8 18. Bxb6 Qxb6 19. Bxc4 Rxc4 20. Rg1 b4
21. axb4 Rxb4 22. Nd2 Qa5 23. Kb1 Qc7 24. Qe3 a5 25. Na2 Rb5 26. Qd3 Ba6 27. c4 Rb8 28. Nc3 Qb6 29. Qc2 Bb7 30. h5 Bc6
31. Nd5 Bxd5 32. exd5 Qb4 33. Ne4 a4 34. f6 Bf8 35. fxg7 Bxg7 36. c5 dxc5 37. h6 Bf8 38. Nf6+ Kd8 39. Rg4 Qb3 40. Rxa4 Qxc2+
41. Kxc2 Be7 42. Ra7 Bxf6 43. gxf6
1-0

[Event "November Blitz"]
[Site "SchemingMind.com"]
[Date "2014.11.01"]
[Round "-"]
[White "Derek Price"]
[Black "Ramesh Panwar"]
[Result "1/2-1/2"]
[WhiteCountry "ENG"]
[BlackCountry "IND"]
[WhiteElo "2321"]
[WhiteRD "77"]
[BlackElo "2207"]
[BlackRD "52"]
[GameID "368127"]

1. e4 e5 2. Nf3 Nc6 3. Bb5 Nd4 4. Nxd4 exd4 5. O-O c6 6. Bc4 Nf6 7. Re1 d6 8. c3 Ng4 9. Qe2 b5 10. Bd3 dxc3
11. dxc3 Be6 12. Nd2 Ne5 13. Bc2 Be7 14. Nb3 O-O 15. Nd4 Bc4 16. Qd1 c5 17. Nf5 Re8 18. f4 Nc6 19. Bd3 Bxd3 20. Qxd3 Rb8
21. Qd5 Rc8 22. Bd2 Bf8 23. a4 bxa4 24. Rxa4 Qb6 25. Ra2 Ne7 26. Nxe7+ Rxe7 27. Be3 a5 28. Bf2 Rce8 29. Re2 g6 30. Bh4 Re6
31. Bg3 Bg7 32. Bf2 Qa6 33. Re3 a4 34. g3=
1/2-1/2

[Event "November Blitz"]
[Site "SchemingMind.com"]
[Date "2014.11.02"]
[Round "-"]
[White "Ramesh Panwar"]
[Black "Derek Price"]
[Result "1/2-1/2"]
[WhiteCountry "IND"]
[BlackCountry "ENG"]
[WhiteElo "2207"]
[WhiteRD "52"]
[BlackElo "2321"]
[BlackRD "77"]
[GameID "368128"]

1. d4 d5 2. e3 c6 3. Nf3 Bg4 4. c4 e6 5. Bd3 Nf6 6. Nc3 Nbd7 7. O-O Be7 8. h3 Bh5 9. b3 O-O 10. Bb2 Rc8
11. Qe2 Re8 12. Rac1 Bd6 13. Bb1 e5 14. dxe5 Nxe5 15. g4 Bg6 16. Bxg6 Nxg6 17. Rfd1 a6 18. cxd5 cxd5 19. Rd4 h6 20. Rdd1 b5
21. a4 bxa4 22. bxa4 Rb8 23. Ba1 Qb6 24. Rb1 Qa5 25. Qd3 Red8 26. Rxb8 Bxb8 27. Qd4 Bd6 28. Rb1 Rc8 29. Qb6 Bc7 30. Qxa5 Bxa5
31. Ne2 Ne4 32. Bd4 Rc2 33. Rb8+ Kh7 34. Kf1 Bc7 35. Rb7 Rc6 36. Bb2 Rc4 37. Ra7 a5=
1/2-1/2